000 00325nam a2200145Ia 4500
008 150201s2005 xx 000 0 und d
082 _a611
_bA2005D
100 _aDRAKE
245 _aANATOMY FOR STUDENTS
250 _a1ST
260 _bELSEVIER
_aDELHI
_c2005
300 _a1-1O58
650 _aANATOMY
942 _2ddc
_cBK
_05
999 _c3990
_d3990